000 00390nam a2200181Ia 4500
005 20250425160847.0
008 250425s9999 xx 000 0 und d
041 _aspa
082 _a621.8
100 _aPARETO, LUIS
245 0 _aCALCULO DE UNIONES
250 _a3A ED.
260 _aBARCELONA
260 _aEspaƱa
_bCEAC
_c1966
300 _a214
942 _c01
010 _a7024
999 _c197664
_d197664